<?xml version="1.0" encoding="UTF-8"?>
<record
    xmlns:xsi="http://www.w3.org/2001/XMLSchema-instance"
    xsi:schemaLocation="http://www.loc.gov/MARC21/slim http://www.loc.gov/standards/marcxml/schema/MARC21slim.xsd"
    xmlns="http://www.loc.gov/MARC21/slim">

  <leader>01870nas a2200277Ia 4500</leader>
  <controlfield tag="001">R052-S5650</controlfield>
  <controlfield tag="003">IT-CnALBA</controlfield>
  <controlfield tag="008">170116c99999999xx ||||||||||||   ||und||</controlfield>
  <datafield tag="040" ind1=" " ind2=" ">
    <subfield code="a">IT-CnALBA</subfield>
    <subfield code="c">IT-CnALBA</subfield>
  </datafield>
  <datafield tag="041" ind1=" " ind2=" ">
    <subfield code="a">ITALIANO</subfield>
  </datafield>
  <datafield tag="100" ind1=" " ind2=" ">
    <subfield code="a">STEFANI GINO</subfield>
  </datafield>
  <datafield tag="210" ind1=" " ind2=" ">
    <subfield code="a">SERVIZIO DELLA PAROLA</subfield>
  </datafield>
  <datafield tag="222" ind1=" " ind2=" ">
    <subfield code="a">SERVIZIO DELLA PAROLA</subfield>
  </datafield>
  <datafield tag="245" ind1=" " ind2="0">
    <subfield code="a">SERVIZIO DELLA PAROLA. DICEMBRE 1981. N. 134. SUSSIDIO PER LA PREDICAZIONE. </subfield>
    <subfield code="b"> SUSSIDIO PER LA PREDICAZIONE</subfield>
  </datafield>
  <datafield tag="250" ind1=" " ind2=" ">
    <subfield code="a">1a ed.</subfield>
  </datafield>
  <datafield tag="260" ind1=" " ind2=" ">
    <subfield code="a"> BRESCIA</subfield>
    <subfield code="b">QUERINIANA EDIT. LIBR. VESC. </subfield>
    <subfield code="c">1981 [1&#xB0; Ed.:1981 - Ed.Ling.Originale: 1981]</subfield>
  </datafield>
  <datafield tag="300" ind1=" " ind2=" ">
    <subfield code="a">149 p. </subfield>
  </datafield>
  <datafield tag="310" ind1=" " ind2=" ">
    <subfield code="a">MENSILE</subfield>
  </datafield>
  <datafield tag="362" ind1=" " ind2=" ">
    <subfield code="a">Fascicolo: 12 /  (1981)</subfield>
  </datafield>
  <datafield tag="500" ind1=" " ind2=" ">
    <subfield code="a">STEFANI G. FUSCO V. S. AMBROGIO. DOSSIER AVVENTO. SPERANZA TRA LOTTAA E CONTEMPLAZIONE. NEL VANGELO DI MARCO. FUSCO V. NELLE GRANDI CORRENTI SPIRITUALI RELIGIOSE. GOFFI T. GERMI DI SPERANZA IN GIOVANNI PAOLO II E NELLA CEI, ACCATTOLI L. TEMA DI SPERANZA NEI MOMENTI ECCLESIALI E NELLA NUOVA GENERAZIONE. STAGIONI DI SPERANZA. LOTTA E CONTEMPLAZIONE. DOMENICHE AVVENTO. IMMACOLATA CONCEZIONE. NATALE. SANTA FAMIGLIA. MADRE DI DIO. SCHEDE CANTI P, C. CELEBRAZIONI SPERANZA. S. AMBROGIO. </subfield>
  </datafield>
  <datafield tag="501" ind1=" " ind2=" ">
    <subfield code="a">Societ&#xE0; San Paolo EM - Piazza San Paolo, 14 - 12051 ALBA (CN)  (non commercial uses only) &#xAE; Copyright 2017</subfield>
  </datafield>
  <datafield tag="520" ind1=" " ind2=" ">
    <subfield code="a">STEFANI G. FUSCO V. S. AMBROGIO. DOSSIER AVVENTO. SPERANZA TRA LOTTAA E CONTEMPLAZIONE. NEL VANGELO DI MARCO. FUSCO V. NELLE GRANDI CORRENTI SPIRITUALI RELIGIOSE. GOFFI T. GERMI DI SPERANZA IN GIOVANNI PAOLO II E NELLA CEI, ACCATTOLI L. TEMA DI SPERANZA NEI MOMENTI ECCLESIALI E NELLA NUOVA GENERAZIONE. STAGIONI DI SPERANZA. LOTTA E CONTEMPLAZIONE. DOMENICHE AVVENTO. IMMACOLATA CONCEZIONE. NATALE. SANTA FAMIGLIA. MADRE DI DIO. SCHEDE CANTI P, C. CELEBRAZIONI SPERANZA. S. AMBROGIO. </subfield>
  </datafield>
  <datafield tag="650" ind1=" " ind2=" ">
    <subfield code="a">PREDICAZIONE - ORATORIA SACRA</subfield>
  </datafield>
  <datafield tag="942" ind1=" " ind2=" ">
    <subfield code="c">CR</subfield>
  </datafield>
  <datafield tag="957" ind1=" " ind2=" ">
    <subfield code="7">1</subfield>
  </datafield>
  <datafield tag="999" ind1=" " ind2=" ">
    <subfield code="a">67757</subfield>
    <subfield code="b">NO</subfield>
    <subfield code="g">1</subfield>
    <subfield code="c">333822</subfield>
    <subfield code="d">333822</subfield>
  </datafield>
  <datafield tag="952" ind1=" " ind2=" ">
    <subfield code="0">0</subfield>
    <subfield code="1">0</subfield>
    <subfield code="4">0</subfield>
    <subfield code="6">R_052S5650</subfield>
    <subfield code="7">1</subfield>
    <subfield code="a">ALBA</subfield>
    <subfield code="b">ALBA</subfield>
    <subfield code="d">2017-01-16</subfield>
    <subfield code="l">0</subfield>
    <subfield code="o">R052-S5650</subfield>
    <subfield code="r">2017-01-16 00:00:00</subfield>
    <subfield code="w">2017-01-16</subfield>
    <subfield code="y">CR</subfield>
    <subfield code="z">(data import: 16 gennaio 2017) - By Epidotti, Vaglietti. </subfield>
  </datafield>
</record>
